One hen / (Record no. 8107)

MARC details
000 -LEADER
fixed length control field 01031nam a22003017a 4500
001 - CONTROL NUMBER
control field 8107
003 - CONTROL NUMBER IDENTIFIER
control field FISKH
005 - DATE AND TIME OF LATEST TRANSACTION
control field 20250825131232.0
008 - FIXED-LENGTH DATA ELEMENTS--GENERAL INFORMATION
fixed length control field 250825b cb ||||| |||| 00| 0 eng d
020 ## - INTERNATIONAL STANDARD BOOK NUMBER
International Standard Book Number 9780545270137
040 ## - CATALOGING SOURCE
Original cataloging agency FISKH
Language of cataloging eng
Transcribing agency FISKH
Modifying agency FISKH
050 ## - LIBRARY OF CONGRESS CALL NUMBER
Classification number PZ7.M648 O
082 ## - DEWEY DECIMAL CLASSIFICATION NUMBER
Classification number 813.6
100 ## - MAIN ENTRY--PERSONAL NAME
Personal name Milway, Smith Katie
Dates associated with a name (1960-)
245 ## - TITLE STATEMENT
Title One hen /
Statement of responsibility, etc. Written by Katie Smith Milway ; Illustrated by Eugenie Fernandes
250 ## - EDITION STATEMENT
Edition statement This edition first published in 2008
260 ## - PUBLICATION, DISTRIBUTION, ETC.
Place of publication, distribution, etc. New York :
Name of publisher, distributor, etc. Scholastic,
Date of publication, distribution, etc. 2008
300 ## - PHYSICAL DESCRIPTION
Extent 32 pages :
Other physical details color illustrations ;
Dimensions 28 cm
505 ## - FORMATTED CONTENTS NOTE
Formatted contents note G<br/>
520 ## - SUMMARY, ETC.
Summary, etc. Based on a true story, tells of how a poor Ghanaian boy buys a chicken through a community loan program, which eventually helps lift him, his mother, and his community out of poverty.<br/>
521 8# - TARGET AUDIENCE NOTE
Target audience note 330<br/>
Source Lexile<br/>
521 8# - TARGET AUDIENCE NOTE
Target audience note G<br/>
Source Raz-Plus<br/>
650 ## - SUBJECT ADDED ENTRY--TOPICAL TERM
Source of heading or term Poverty
Topical term or geographic name entry element Ghana
650 ## - SUBJECT ADDED ENTRY--TOPICAL TERM
Source of heading or term Microloans
Topical term or geographic name entry element Money
700 ## - ADDED ENTRY--PERSONAL NAME
Personal name Fernandes, Eugenie
Dates associated with a name illustrator
942 ## - ADDED ENTRY ELEMENTS (KOHA)
Source of classification or shelving scheme Dewey Decimal Classification
Koha item type Books
Suppress in OPAC No
Holdings
Withdrawn status Lost status Source of classification or shelving scheme Damaged status Not for loan Collection Home library Current library Shelving location Date acquired Total Checkouts Full call number Barcode Date last seen Copy number Price effective from Koha item type
    Dewey Decimal Classification     Juvenile Fiction Footprints International School Library Network Toul Tom Poung Campus Footprints International School Library Network Toul Tom Poung Campus TTP Primary Green Bookshelves 08/25/2025   MIL 813.6 PZ7.M648 O FIS05559 08/25/2025 1 08/25/2025 Books